Państwa Afrykańskie z Medalem Igrzysk Olimpijskich - Statystyki

Ogólne statystyki
  • Ten quiz został rozwiązany 54 razy
  • Średni wynik to 23 z 29
Statystyki odpowiedzi
Igrzyska z 1 Medalem Odpowiedź % Poprawnych
1928 Amsterdam Egipt
98%
1964 Tokio Kenia
96%
1960 Rzym Maroko
96%
1908 Londyn Republika Południowej Afryki
96%
1968 Meksyk Kamerun
94%
1972 Monachium Niger
92%
1964 Tokio Nigeria
92%
1984 Los Angeles Algieria
90%
1960 Rzym Etiopia
90%
1964 Tokio Tunezja
88%
1988 Seul Senegal
86%
1960 Rzym Ghana
84%
1980 Moskwa Tanzania
84%
2008 Pekin Sudan
80%
1968 Meksyk Uganda
80%
2008 Pekin Togo
78%
2012 Londyn Gabon
76%
1984 Los Angeles Wybrzeże Kości Słoniowej
74%
1980 Moskwa Zimbabwe
74%
2012 Londyn Botswana
72%
1992 Barcelona Namibia
72%
1984 Los Angeles Zambia
72%
2020 Tokio Burkina Faso
70%
1996 Atlanta Mozambik
68%
2004 Ateny Erytrea
66%
2024 Paryż Republika Zielonego Przylądka
58%
2008 Pekin Mauritius
54%
1996 Atlanta Burundi
52%
1988 Seul Dżibuti
52%
Nie znaleziono quizów pasujących do podanych kryteriów
Rozkład punktacji
Procent ludzi z każdym wynikiem
Percentyl według liczby udzielonych odpowiedzi
Twoja historia wyników
Nie rozwiązałeś tego quizu